Electronic developments: dealing with the history and principles of electronics and electroic devices (Record no. 1268)

000 -LEADER
fixed length control field 00449nam a22001457a 4500
008 - FIXED-LENGTH DATA ELEMENTS--GENERAL INFORMATION
fixed length control field 200120b ||||| |||| 00| 0 eng d
082 00 - DEWEY DECIMAL CLASSIFICATION NUMBER
Classification number 621.38
Item number B86293
100 ## - MAIN ENTRY--PERSONAL NAME
9 (RLIN) 857
Personal name Briton, K. G.
245 10 - TITLE STATEMENT
Title Electronic developments: dealing with the history and principles of electronics and electroic devices
260 ## - PUBLICATION, DISTRIBUTION, ETC. (IMPRINT)
Place of publication, distribution, etc London
Name of publisher, distributor, etc George Newnes Ltd.
Date of publication, distribution, etc 1947
300 ## - PHYSICAL DESCRIPTION
Extent viii,208p.
365 ## - TRADE PRICE
Unit of pricing 5.03
650 #0 - SUBJECT ADDED ENTRY--TOPICAL TERM
Topical term or geographic name as entry element Electronics
942 ## - ADDED ENTRY ELEMENTS (KOHA)
Item type Books
Holdings
Withdrawn status Lost status Source of classification or shelving scheme Damaged status Not for loan Permanent location Current location Date acquired Source of acquisition Full call number Barcode Date last seen Koha item type
          IMU Kolkata IMU Kolkata 1952-12-29 Wheeler 621.38 B86293 00997 2020-01-20 Books
Designed and Maintained by IMU-KC Library, Kolkata Campus © Copyright All Rights Reserved

webs counters

Powered by Koha